Las empresas estatales

Guardat en:
Dades bibliogràfiques
Autor principal: Garrido Valenzuela, Raúl Bernardo (Autor)
Format: Llibre
Idioma:espanyol
Publicat: Santiago Jurídica de Chile 1966
Col·lecció:Memoria, 13
Matèries:
Etiquetes: Afegir etiqueta
Sense etiquetes, Sigues el primer a etiquetar aquest registre!

MARC

LEADER 00000nam a2200000 a 4500
001 UCS0624
003 CL-VaPUC
008 970426e19660000CL |||||||||||||||||spa|d
082 0 4 |a 351.009  |b GAR  |2 21 
100 0 |a Garrido Valenzuela, Raúl Bernardo  |e author  |9 384340 
245 1 4 |a Las empresas estatales 
300 |a 154 p 
942 |c BK 
945 |d 19970426 00:00:00  |a paguirre 
260 |a Santiago  |b Jurídica de Chile  |c 1966 
650 0 |a Derecho administrativo  |9 254851 
650 0 |a Empresas públicas  |9 338439 
650 0 |a Administración pública   |9 255343 
650 0 |a Empresas   |9 255569 
650 0 |a Gobierno   |9 255508 
650 7 |a EMPLEADOS PUBLICOS  |2 CL-VaPUC  |9 256133 
651 7 |a CHILE  |2 CL-VaPUC  |9 384341 
583 |a last modification  |c 19970426 00:00:00  |k Rodrigo Vera 
490 0 |a Memoria, 13 
999 |c 258844  |d 258842 
952 |0 0  |1 0  |4 0  |6 351_009000000000000_GAR_1966  |7 0  |8 A  |9 283182  |a BIBDER  |b BIBDER  |d 2019-11-19  |i 1838822  |o 351.009 GAR 1966  |p 1838822  |r 2023-01-25  |w 2019-11-19  |y BK  |k DER 
952 |0 0  |1 0  |4 0  |6 351_009000000000000_GAR_1966  |7 0  |8 A  |9 283183  |a BIBDER  |b BIBDER  |d 2019-11-19  |i 4120159  |l 9  |m 4  |o 351.009 GAR 1966  |p 4120159  |r 2023-04-28  |s 2023-01-03  |w 2019-11-19  |y BK  |k DER